Sharing nature's interest : ecological footprints as an indicator of sustainability

Αποθηκεύτηκε σε:
Λεπτομέρειες βιβλιογραφικής εγγραφής
Κύριος συγγραφέας: Chambers, NIcky
Άλλοι συγγραφείς: Simmons, Craig, Wackernagel, Mathis 1962-
Μορφή: Βιβλίο
Γλώσσα:English
Δημοσίευση: London : Earthscan, 2000
Θέματα:
Ετικέτες: Προσθήκη ετικέτας
Δεν υπάρχουν, Καταχωρήστε ετικέτα πρώτοι!

MARC

LEADER 00000nam a2200000 i 4500
001 1/39661
008 030901s2000 eng d
020 |a 1853837385 
035 |l 10070665 
040 |a GR-MY-UA  |b gre  |e aacr 
041 0 |a eng 
082 0 |a 333.714 
100 1 |a Chambers, NIcky. 
245 1 0 |a Sharing nature's interest :  |b ecological footprints as an indicator of sustainability /  |c Nicky Chambers, Craig Simmons and Mathis Wackernagel 
260 |a London :   |b Earthscan,   |c 2000 
300 |a xiv, 185 σ.;  |b εικ.;  |c 25 εκ. 
504 |a Περιέχει βιβλιογραφία και ευρετήριο 
650 0 0 |a Environmental indicators. 
650 0 0 |a Environmental impact analysis. 
650 0 0 |a Economic development  |x Environmental aspects. 
700 1 |a Simmons, Craig. 
700 1 |a Wackernagel, Mathis  |d 1962- 
852 |a INST  |b LESVOS  |e 20030901  |h 333.714 CHA  |p 005100026656  |q 005100026656  |t BK  |y 0 
901 |a BIBL1-2003-2 
909 |a Λ  |b 102974 
922 |a 1ΕΛΗ  |b 200211  |c ΕΠΕΑΕΚ2/ΤΓ  |d ΠΑΠΑΣΩΤΗΡΙΟΥ & ΕΛΕΥΘΕΡΟΥΔΑΚΗΣ 
950 |a 118-2002-10-05 
970 |a ΚΑΡΑ  |b ΓΙΑΣΕΜΗ  |z 2003/09/01